[Event "Mediterranean-ch 13th"]
[Site "Platja d'Aro"]
[Date "2023.11.11"]
[Round "9"]
[White "Hernando Rodrigo, Lourdes"]
[Black "Vinas Racionero, Josep Claudi"]
[Result "0-1"]
[WhiteElo "1593"]
[BlackElo "2075"]
[PlyCount "78"]
[EventDate "2023.11.04"]
[EventType "swiss"]
[EventRounds "9"]
[EventCountry "ESP"]
[SourceTitle "CB46_2023"]
[SourceDate "2023.11.15"]
[SourceVersion "1"]
[SourceVersionDate "2023.11.15"]
[SourceQuality "1"]

1. d4 c5 2. d5 Nf6 3. c4 b5 4. cxb5 a6 5. Nc3 axb5 6. e4 b4 7. Nb5 Nxe4 8. Qe2 f5 9. f3 Ba6 10. fxe4 Qa5 11. Bd2 fxe4 12. a4 d6 13. Qxe4 Qb6 14. Be2 Nd7 15. Be3 Nf6 16. Qd3 g6 17. Nf3 Bb7 18. Ng5 Bxd5 19. Bf3 Bc6 20. Ne6 Kd7 21. Bxc6+ Qxc6 22. 0-0 Kxe6 23. Qc4+ Kd7 24. b3 Qd5 25. Qc2 Qe4 26. Qc1 Ng4 27. Bxc5 dxc5 28. Rd1+ Kc6 29. Ra2 Bg7 30. Re1 Bd4+ 31. Kh1 Be3 32. Qb2 Rad8 33. Qe2 Rhf8 34. Na7+ Kc7 35. Qb5 Nf2+ 36. Rxf2 Rxf2 37. Qa5+ Kb7 38. Rg1 Qxg2+ 39. Rxg2 Rf1+ 0-1

[Event "Mediterranean-ch 13th"]
[Site "Platja d'Aro"]
[Date "2023.11.07"]
[Round "5"]
[White "Hernando Rodrigo, Lourdes"]
[Black "Giro Castellet, Esteve"]
[Result "0-1"]
[WhiteElo "1593"]
[BlackElo "1633"]
[PlyCount "98"]
[EventDate "2023.11.04"]
[EventType "swiss"]
[EventRounds "9"]
[EventCountry "ESP"]
[SourceTitle "CB46_2023"]
[SourceDate "2023.11.15"]
[SourceVersion "1"]
[SourceVersionDate "2023.11.15"]
[SourceQuality "1"]

1. d4 d5 2. Bf4 Nf6 3. e3 Nbd7 4. Nf3 e6 5. Bd3 Be7 6. Nbd2 0-0 7. Ne5 c5 8. c3 Re8 9. 0-0 Nf8 10. Qf3 Bd7 11. Rac1 Qb6 12. Bb1 Rac8 13. Bg5 Bb5 14. Rfe1 N8d7 15. Bxf6 Nxf6 16. Qh3 Rf8 17. Ndf3 h6 18. b3 Bc6 19. Nxc6 Rxc6 20. Ne5 Rc7 21. f4 Ne4 22. f5 Bf6 23. Ng4 exf5 24. Ne5 Qe6 25. Rf1 Bxe5 26. dxe5 Qxe5 27. Rxf5 Qe6 28. Qf3 Re7 29. Rd1 Nxc3 30. Rc1 Nxb1 31. Rxb1 Rd8 32. Rc1 b6 33. Rd1 g6 34. Rfxd5 Rxd5 35. Rxd5 Rd7 36. e4 Rxd5 37. exd5 Qe1+ 38. Qf1 Qxf1+ 39. Kxf1 Kf8 40. Ke2 Ke7 41. Kd3 Kd6 42. Ke4 f5+ 43. Kf4 Kxd5 44. g4 fxg4 45. Kxg4 b5 46. Kf4 c4 47. bxc4+ bxc4 48. Ke3 g5 49. a3 h5 0-1

[Event "El Prat de Llobregat op-B 1st"]
[Site "El Prat de Llobregat"]
[Date "2019.12.03"]
[Round "1"]
[White "Flores Mendoza, Jose Antonio"]
[Black "Hernando Rodrigo, Lourdes"]
[Result "1-0"]
[WhiteElo "1952"]
[BlackElo "1648"]
[PlyCount "77"]
[EventDate "2019.12.03"]
[EventType "swiss"]
[EventRounds "9"]
[EventCountry "ESP"]
[SourceTitle "CBM 193 Extra"]
[Source "ChessBase"]
[SourceDate "2020.01.31"]
[SourceVersion "1"]
[SourceVersionDate "2020.01.31"]
[SourceQuality "1"]

1. d4 d5 2. c4 e6 3. Nc3 Nf6 4. Bg5 Nbd7 5. e3 c6 6. Nf3 Qa5 7. Bxf6 Nxf6 8. Bd3 Bd6 9. 0-0 0-0 10. c5 Bb8 11. a3 e5 12. b4 Qd8 13. Nxe5 Bxe5 14. dxe5 Ng4 15. h3 Nxe5 16. Bxh7+ Kxh7 17. Qh5+ Kg8 18. Qxe5 Re8 19. Qf4 Qe7 20. Rfd1 b6 21. cxb6 axb6 22. a4 Be6 23. b5 Ra5 24. bxc6 Rc5 25. Nb5 Rxc6 26. Nd4 Rc4 27. Rdb1 Qa7 28. Qd6 Rxa4 29. Rxa4 Qxa4 30. Qxb6 Qc4 31. Qd6 Qd3 32. Rb8 Rxb8 33. Qxb8+ Kh7 34. Qe5 Qg6 35. Kh2 Qh6 36. f4 Bg4 37. Qxd5 Qh4 38. Nf3 Qh6 39. Ng5+ 1-0

[Event "Foment Martinenc op-B 18th"]
[Site "Barcelona"]
[Date "2016.05.28"]
[Round "6"]
[White "Roig Martinez, Salvador"]
[Black "Hernando Rodrigo, Lourdes"]
[Result "0-1"]
[WhiteElo "1626"]
[BlackElo "1750"]
[PlyCount "165"]
[EventDate "2016.04.23"]
[EventType "swiss"]
[EventRounds "9"]
[EventCountry "ESP"]
[SourceTitle "EXT 2017"]
[Source "ChessBase"]
[SourceDate "2016.10.25"]
[SourceVersion "1"]
[SourceVersionDate "2016.10.25"]
[SourceQuality "1"]

1. d4 d5 2. c4 e6 3. Nc3 Nf6 4. Bg5 Nbd7 5. e3 c6 6. cxd5 exd5 7. Bd3 Qa5 8. Nge2 Ne4 9. Bh4 Bd6 10. Bxe4 dxe4 11. 0-0 0-0 12. Nxe4 Bxh2+ 13. Kxh2 Qh5 14. Kg1 Qxh4 15. f3 Qh6 16. Qb3 Nb6 17. N2g3 Be6 18. Qd3 Nc4 19. Qc3 Qxe3+ 20. Qxe3 Nxe3 21. Rfc1 Rad8 22. Kf2 Nf5 23. Nxf5 Bxf5 24. Rd1 Rd5 25. Rd2 Rfd8 26. Rad1 Re8 27. Nc3 Rd7 28. d5 Red8 29. d6 Be6 30. b3 b5 31. Ne4 Bd5 32. Nc5 Rxd6 33. Nb7 R6d7 34. Nxd8 Rxd8 35. Rc1 Rd7 36. b4 f5 37. a3 Kf7 38. Re1 a5 39. f4 Ra7 40. bxa5 Rxa5 41. Rd3 Ra4 42. g3 Ra7 43. Rde3 Be4 44. Rc1 Rd7 45. Ke2 Bd5 46. Ke1 Ra7 47. Kd2 Ra4 48. Rec3 h5 49. Re1 h4 50. gxh4 Rxf4 51. Rh3 Rf2+ 52. Ke3 Ra2 53. Kd4 Kf6 54. Kc5 Rc2+ 55. Kd6 Rg2 56. Kc5 g6 57. Kd6 Rd2 58. Kc5 Rc2+ 59. Kd6 Rc4 60. Ree3 f4 61. Rd3 f3 62. Rxd5 cxd5 63. Rxf3+ Kg7 64. Kxd5 Rxh4 65. Ke5 Kh6 66. Rg3 Rh5+ 67. Kf6 Rf5+ 68. Ke6 Kh5 69. Kd6 g5 70. Ke6 Rf4 71. Ke5 Kh4 72. Rb3 Ra4 73. Kd5 g4 74. Kc5 Ra8 75. Kd4 g3 76. Ke3 Kh3 77. Ke2 Kh2 78. Rxb5 Rxa3 79. Rh5+ Kg2 80. Rf5 Ra2+ 81. Ke3 Kh1 82. Rh5+ Rh2 83. Rxh2+ 0-1

[Event "Foment Martinenc op-B 17th"]
[Site "Barcelona"]
[Date "2015.05.30"]
[Round "6"]
[White "Torralba Brosa, Marc"]
[Black "Hernando Rodrigo, Lourdes"]
[Result "0-1"]
[WhiteElo "1968"]
[BlackElo "1879"]
[PlyCount "50"]
[EventDate "2015.04.25"]
[EventType "swiss"]
[EventRounds "9"]
[EventCountry "ESP"]
[SourceTitle "EXT 2017"]
[Source "ChessBase"]
[SourceDate "2016.10.25"]
[SourceVersion "1"]
[SourceVersionDate "2016.10.25"]
[SourceQuality "1"]

1. e4 c5 2. Nc3 Nc6 3. Bb5 Nd4 4. Bc4 e6 5. Nge2 Qc7 6. 0-0 Nf6 7. f4 d6 8. d3 Bd7 9. Nxd4 cxd4 10. Nb5 Qb6 11. f5 Bxb5 12. Bxb5+ Qxb5 13. fxe6 fxe6 14. Bf4 Be7 15. Qf3 0-0 16. Qh3 Qd7 17. e5 Nd5 18. Bd2 dxe5 19. c3 dxc3 20. bxc3 Bc5+ 21. Kh1 Rxf1+ 22. Rxf1 Rf8 23. Rxf8+ Bxf8 24. Qh5 Qf7 25. h3 Qxh5 0-1

[Event "Foment Martinenc op-B 17th"]
[Site "Barcelona"]
[Date "2015.05.16"]
[Round "4"]
[White "Gonzalez Martin, Fernando"]
[Black "Hernando Rodrigo, Lourdes"]
[Result "1/2-1/2"]
[WhiteElo "1965"]
[BlackElo "1879"]
[PlyCount "135"]
[EventDate "2015.04.25"]
[EventType "swiss"]
[EventRounds "9"]
[EventCountry "ESP"]
[SourceTitle "EXT 2017"]
[Source "ChessBase"]
[SourceDate "2016.10.25"]
[SourceVersion "1"]
[SourceVersionDate "2016.10.25"]
[SourceQuality "1"]

1. d4 d5 2. c4 e6 3. g3 Nf6 4. Bg2 Nbd7 5. Nf3 Bd6 6. b3 Bb4+ 7. Bd2 Bd6 8. 0-0 Ne4 9. Bc1 0-0 10. Bb2 f5 11. Nbd2 c6 12. Ne5 Nxe5 13. dxe5 Bc5 14. Nf3 f4 15. Bd4 fxg3 16. hxg3 Qe7 17. Bxc5 Qxc5 18. Qd4 Bd7 19. Qxc5 Nxc5 20. b4 Ne4 21. c5 Rf5 22. Bh3 Rh5 23. Kg2 Nc3 24. Rh1 Kf8 25. e3 Ke7 26. Bg4 Rxh1 27. Rxh1 h6 28. a3 a5 29. Rc1 axb4 30. axb4 Ne4 31. Rc2 Ra4 32. Rb2 Nc3 33. Nd4 Ra2 34. Rb3 Ne4 35. Be2 Nd2 36. Rd3 Rb2 37. f3 Nc4 38. Rc3 Nxe5 39. f4 Nc4 40. Kf3 Rxb4 41. Bxc4 Rxc4 42. Rxc4 dxc4 43. Ke4 Kf6 44. Nf3 Be8 45. Kd4 Bh5 46. Ne5 Be2 47. e4 g5 48. Nd7+ Ke7 49. fxg5 hxg5 50. Ne5 g4 51. Ng6+ Kd7 52. Ne5+ Kc7 53. Ke3 Bd1 54. Nxc4 Bb3 55. Nd2 Bd1 56. Kd4 b6 57. cxb6+ Kxb6 58. Ke5 Bc2 59. Kxe6 Kc7 60. e5 Kd8 61. Kf7 Bf5 62. e6 Kc7 63. Nc4 c5 64. e7 Bd7 65. e8Q Bxe8+ 66. Kxe8 Kc6 67. Ke7 Kd5 68. Na3 1/2-1/2

[Event "Barcelona Catalunya op 26th"]
[Site "Barcelona"]
[Date "2014.11.29"]
[Round "9"]
[White "Hernando Rodrigo, Lourdes"]
[Black "Garcia Extremera, Manuel"]
[Result "0-1"]
[WhiteElo "1913"]
[BlackElo "1759"]
[PlyCount "70"]
[EventDate "2014.09.27"]
[EventType "swiss"]
[EventRounds "9"]
[EventCountry "ESP"]
[SourceTitle "EXT 2017"]
[Source "ChessBase"]
[SourceDate "2016.10.25"]
[SourceVersion "1"]
[SourceVersionDate "2016.10.25"]
[SourceQuality "1"]

1. d4 d5 2. Nf3 Nc6 3. c4 Nf6 4. Nc3 e6 5. e3 Bb4 6. Bd3 0-0 7. 0-0 a6 8. a3 Bxc3 9. bxc3 Bd7 10. Qc2 Ne7 11. Ne5 Ng6 12. f4 c6 13. a4 Rc8 14. Nxd7 Qxd7 15. f5 Ne7 16. Ba3 dxc4 17. Bxc4 Nfd5 18. Rf3 exf5 19. Bd3 g6 20. e4 fxe4 21. Bxe4 f5 22. Bd3 Qe6 23. Bc4 Rf7 24. Qb2 Rc7 25. Qd2 Qf6 26. Re1 g5 27. Rf2 Ng6 28. g3 h5 29. Bc1 Rfe7 30. Ref1 f4 31. Ba3 Re3 32. gxf4 gxf4 33. Rxf4 Ngxf4 34. Qxe3 Qg5+ 35. Kh1 Qg2# 0-1

[Event "Badalona op-B 40th"]
[Site "Badalona"]
[Date "2014.08.04"]
[Round "3"]
[White "Ladron de Guevara, Enrique"]
[Black "Hernando Rodrigo, Lourdes"]
[Result "1-0"]
[WhiteElo "2005"]
[BlackElo "1913"]
[PlyCount "63"]
[EventDate "2014.08.02"]
[EventType "swiss"]
[EventRounds "9"]
[EventCountry "ESP"]
[SourceTitle "EXT 2015"]
[Source "ChessBase"]
[SourceDate "2014.11.20"]
[SourceVersion "1"]
[SourceVersionDate "2014.11.20"]
[SourceQuality "1"]

1. e4 c5 2. Nf3 e6 3. d4 cxd4 4. Nxd4 a6 5. c4 Nf6 6. Nc3 Qc7 7. a3 Be7 8. Be3 0-0 9. Be2 d6 10. Rc1 Nbd7 11. 0-0 b6 12. b4 Bb7 13. f3 Rac8 14. Qd2 Ne5 15. Rfd1 Nfd7 16. f4 Nc6 17. Nd5 exd5 18. cxd5 Ndb8 19. Nxc6 Bxc6 20. dxc6 Qa7 21. Qd5 Rc7 22. e5 dxe5 23. fxe5 Rfc8 24. Bg4 Rf8 25. Rf1 Bd8 26. e6 Kh8 27. Rxf7 Rcxf7 28. exf7 Qc7 29. Be6 Be7 30. g3 Rd8 31. Bf4 Qa7 32. Qxd8+ 1-0

[Event "Llinars del Valles op-B 8th"]
[Site "Llinars del Valles"]
[Date "2014.05.31"]
[Round "5"]
[White "Hernando Rodrigo, Lourdes"]
[Black "Panella Gene, Jesus"]
[Result "1-0"]
[WhiteElo "1909"]
[BlackElo "1778"]
[PlyCount "47"]
[EventDate "2014.04.26"]
[EventType "swiss"]
[EventRounds "8"]
[EventCountry "ESP"]
[SourceTitle "EXT 2015"]
[Source "ChessBase"]
[SourceDate "2014.11.20"]
[SourceVersion "1"]
[SourceVersionDate "2014.11.20"]
[SourceQuality "1"]

1. d4 d5 2. Nf3 Nf6 3. e3 e6 4. Bd3 Be7 5. 0-0 0-0 6. Nbd2 c5 7. dxc5 Bxc5 8. e4 dxe4 9. Nxe4 Nxe4 10. Bxe4 Qb6 11. Bxh7+ Kxh7 12. Ng5+ Kg6 13. Qd3+ f5 14. Qg3 Bd6 15. Qh4 Qd8 16. Qh7+ Kf6 17. Qh5 Rh8 18. Qf7+ Ke5 19. Qxg7+ Kd5 20. Rd1+ Kc6 21. Qc3+ Kb6 22. Be3+ Kb5 23. a4+ Ka6 24. Qc4+ 1-0

[Event "Catalunya-ch (Women) 72nd"]
[Site "Barcelona"]
[Date "2014.04.21"]
[Round "6"]
[White "Hernando Rodrigo, Lourdes"]
[Black "Muratet Carmona, Julia"]
[Result "0-1"]
[WhiteElo "1909"]
[BlackElo "1925"]
[PlyCount "104"]
[EventDate "2014.04.18"]
[EventType "swiss"]
[EventRounds "6"]
[EventCountry "ESP"]
[SourceTitle "EXT 2016"]
[Source "ChessBase"]
[SourceDate "2015.10.08"]
[SourceVersion "1"]
[SourceVersionDate "2015.10.08"]
[SourceQuality "1"]

1. d4 d5 2. Nf3 Nf6 3. e3 Bf5 4. c4 dxc4 5. Bxc4 e6 6. Nc3 c6 7. 0-0 Bd6 8. Qe2 Ne4 9. Bd3 Nxc3 10. bxc3 Bg4 11. h3 Bh5 12. e4 e5 13. dxe5 Bxf3 14. Qxf3 Bxe5 15. Rb1 b6 16. c4 Nd7 17. Rd1 0-0 18. Bc2 Qe7 19. Qf5 Rad8 20. Bg5 f6 21. Be3 Bb8 22. e5 g6 23. exf6 Rxf6 24. Qg5 Qf8 25. Rd4 Ne5 26. Rbd1 Rxd4 27. Rxd4 c5 28. Rd1 Nxc4 29. Qd5+ Qf7 30. Qd8+ Qf8 31. Bb3 b5 32. Bxc5 Bd6 33. Qxf8+ Bxf8 34. Rd8 Kg7 35. Rxf8 Rxf8 36. Bxf8+ Kxf8 37. Bxc4 bxc4 38. Kf1 Ke7 39. Ke2 Kd6 40. Kd2 Kd5 41. Kc3 g5 42. a4 a5 43. f3 h6 44. g3 h5 45. f4 h4 46. gxh4 gxf4 47. h5 f3 48. Kd2 f2 49. Ke2 c3 50. Kxf2 c2 51. h6 c1Q 52. h7 Qc2+ 0-1

[Event "Catalunya-ch (Women) 72nd"]
[Site "Barcelona"]
[Date "2014.04.20"]
[Round "5"]
[White "Norte Garcia, Andrea"]
[Black "Hernando Rodrigo, Lourdes"]
[Result "1-0"]
[WhiteElo "2117"]
[BlackElo "1909"]
[PlyCount "77"]
[EventDate "2014.04.18"]
[EventType "swiss"]
[EventRounds "6"]
[EventCountry "ESP"]
[SourceTitle "EXT 2016"]
[Source "ChessBase"]
[SourceDate "2015.10.08"]
[SourceVersion "1"]
[SourceVersionDate "2015.10.08"]
[SourceQuality "1"]

1. e4 c5 2. Nf3 e6 3. c4 Nc6 4. d4 cxd4 5. Nxd4 Nf6 6. Nc3 a6 7. a3 d6 8. Be2 Be7 9. Be3 0-0 10. 0-0 Qc7 11. b4 Nxd4 12. Qxd4 e5 13. Qd3 Ng4 14. Nd5 Qd8 15. Bb6 Qe8 16. Nc7 Qc6 17. Nxa8 Be6 18. Nc7 Qxb6 19. Nxe6 Nxf2 20. Rxf2 fxe6 21. c5 dxc5 22. Rxf8+ Bxf8 23. bxc5 Bxc5+ 24. Kh1 Bd4 25. Rf1 Qd6 26. Qf3 Qe7 27. Bc4 Bc5 28. Qg4 Bxa3 29. Qxe6+ Qxe6 30. Bxe6+ Kh8 31. Bc8 b6 32. Bxa6 h6 33. Rf3 Bc5 34. g3 g6 35. Rf7 g5 36. Kg2 Kg8 37. Bc4 Kh8 38. Kf3 Bd4 39. Kg4 1-0

[Event "Catalunya-ch (Women) 72nd"]
[Site "Barcelona"]
[Date "2014.04.18"]
[Round "1"]
[White "Hernando Rodrigo, Lourdes"]
[Black "Riera Morilla, Elizabeth"]
[Result "0-1"]
[WhiteElo "1909"]
[BlackElo "2132"]
[PlyCount "106"]
[EventDate "2014.04.18"]
[EventType "swiss"]
[EventRounds "6"]
[EventCountry "ESP"]
[SourceTitle "EXT 2016"]
[Source "ChessBase"]
[SourceDate "2015.10.08"]
[SourceVersion "1"]
[SourceVersionDate "2015.10.08"]
[SourceQuality "1"]

1. d4 d5 2. Nf3 Nf6 3. e3 e6 4. Bd3 c5 5. c3 Nc6 6. Nbd2 Bd6 7. 0-0 Qc7 8. dxc5 Bxc5 9. e4 0-0 10. Qe2 Bd6 11. Re1 dxe4 12. Nxe4 Nxe4 13. Qxe4 f5 14. Qh4 Ne5 15. Nxe5 Bxe5 16. h3 Bxc3 17. Bf4 Bf6 18. Qxh7+ Kxh7 19. Bxc7 Bxb2 20. Rab1 Bc3 21. Re2 Rf7 22. Bf4 Bf6 23. Bc4 Re7 24. Be5 Kg6 25. Bd6 Re8 26. Bb5 Rd8 27. Be5 a6 28. Bc4 b5 29. Bb3 Bxe5 30. Rxe5 Kf6 31. Ree1 Rd6 32. f4 Bd7 33. g4 g6 34. Rb2 Rc8 35. Rbe2 a5 36. Kf2 a4 37. Bc2 Rc4 38. Kg3 Rdd4 39. Rf2 b4 40. g5+ Kf7 41. h4 Rc8 42. Rh2 Kg7 43. Rhe2 Rdc4 44. Bd1 Rc3+ 45. Re3 Rxe3+ 46. Rxe3 Rc1 47. Rd3 Bc6 48. Rd6 b3 49. axb3 a3 50. Rd2 a2 51. Rxa2 Rxd1 52. Ra7+ Kf8 53. Ra6 Rd3+ 0-1

[Event "Barcelona Sant Marti op-B 15th"]
[Site "Barcelona"]
[Date "2013.07.21"]
[Round "9"]
[White "Hernando Rodrigo, Lourdes"]
[Black "Aunes Cabanero, Jose"]
[Result "1-0"]
[WhiteElo "1777"]
[BlackElo "1565"]
[PlyCount "52"]
[EventDate "2013.07.13"]
[EventType "swiss"]
[EventRounds "9"]
[EventCountry "ESP"]
[SourceTitle "CBM 155 Extra"]
[Source "ChessBase"]
[SourceDate "2013.08.26"]
[SourceVersion "1"]
[SourceVersionDate "2013.08.26"]
[SourceQuality "1"]

1. d4 Nf6 2. Nf3 e6 3. e3 d6 4. Bd3 c6 5. c4 b6 6. Nc3 Qc7 7. 0-0 Bb7 8. e4 Nbd7 9. Qe2 Be7 10. Re1 0-0 11. Bg5 h6 12. Bh4 Rfe8 13. e5 dxe5 14. dxe5 Nh7 15. Qe4 Nhf8 16. Bxe7 Rxe7 17. Qh4 Nc5 18. Bc2 Rd7 19. Red1 Rad8 20. Rxd7 Rxd7 21. a3 Na6 22. Ne4 c5 23. Nf6+ gxf6 24. exf6 Bxf3 25. Qxh6 Rd1+ 26. Rxd1 Qxh2+ 1-0

[Event "Montseny op 3rd"]
[Site "Montseny"]
[Date "2012.06.02"]
[Round "8"]
[White "Hernando Rodrigo, Lourdes"]
[Black "Saez Coma, Alejandro"]
[Result "0-1"]
[WhiteElo "1837"]
[BlackElo "1646"]
[PlyCount "144"]
[EventDate "2012.04.14"]
[EventType "swiss"]
[EventRounds "8"]
[EventCountry "ESP"]
[SourceTitle "CBM 148 Extra"]
[Source "ChessBase"]
[SourceDate "2012.06.22"]
[SourceVersion "1"]
[SourceVersionDate "2012.06.22"]
[SourceQuality "1"]

1. d4 d5 2. Nf3 e6 3. Nbd2 f5 4. g3 Nf6 5. Ne5 Nbd7 6. Nxd7 Bxd7 7. Bg2 Be7 8. 0-0 0-0 9. Nf3 Be8 10. Ng5 Bf7 11. Bf4 Nh5 12. Nxf7 Rxf7 13. Be5 Nf6 14. c4 c6 15. cxd5 exd5 16. Qb3 Qb6 17. Qd3 Nd7 18. Bf4 Raf8 19. Qd2 Bf6 20. Rfd1 Re8 21. b4 Qa6 22. e3 Nb6 23. Bf1 Nc4 24. Qc2 Be7 25. Qb3 b5 26. a4 Qb7 27. axb5 cxb5 28. Ra2 Ra8 29. Bg2 Bd8 30. Rda1 Rd7 31. Qc2 a5 32. bxa5 Rxa5 33. Qxf5 Rxa2 34. Rxa2 b4 35. Qe6+ Kf8 36. Qf5+ Kg8 37. Qe6+ Kf8 38. Ra6 Bb6 39. Qf5+ Rf7 40. Bxd5 Rxf5 41. Bxb7 b3 42. Be4 Rb5 43. Bb1 h6 44. e4 Bxd4 45. Ra8+ Ke7 46. Rb8 Rxb8 47. Bxb8 b2 48. Ba2 Nd2 49. Bf4 b1Q+ 50. Bxb1 Nxb1 51. Kg2 Kf6 52. Kf3 Be5 53. Bc1 Nc3 54. Ke3 Nb5 55. f4 Bd4+ 56. Kd3 Bg1 57. h3 Nc7 58. Bb2+ Kf7 59. g4 Ne6 60. Be5 Nc5+ 61. Kc4 Nxe4 62. h4 Nf2 63. g5 h5 64. f5 Ng4 65. Bf4 Ne3+ 66. Bxe3 Bxe3 67. Kd5 Bf2 68. Ke4 Bxh4 69. Kf4 Be1 70. Kf3 Bd2 71. f6 g6 72. Kg3 Bxg5 0-1

[Event "Llobregat op 3rd"]
[Site "Llobregat"]
[Date "2011.04.30"]
[Round "4"]
[White "Hernando Rodrigo, Lourdes"]
[Black "Ruiz Manchon, Francesco Xavier"]
[Result "1/2-1/2"]
[WhiteElo "1846"]
[BlackElo "2076"]
[PlyCount "64"]
[EventDate "2011.04.02"]
[EventType "swiss"]
[EventRounds "7"]
[EventCountry "ESP"]
[SourceTitle "CBM 142 Extra"]
[Source "ChessBase"]
[SourceDate "2011.06.27"]
[SourceVersion "1"]
[SourceVersionDate "2011.06.27"]
[SourceQuality "1"]

1. d4 Nf6 2. Nf3 c5 3. e3 d5 4. c3 e6 5. Bd3 Nbd7 6. Nbd2 Bd6 7. 0-0 0-0 8. e4 cxd4 9. cxd4 dxe4 10. Nxe4 Nxe4 11. Bxe4 Nf6 12. Bc2 b6 13. Qd3 Bb7 14. Bg5 g6 15. Ne5 a6 16. Bxf6 Qxf6 17. Nd7 Qg5 18. Qh3 Rfd8 19. Nxb6 Rab8 20. Nc4 Be7 21. Rad1 Rbc8 22. Bb3 Bf6 23. d5 Rxd5 24. Rxd5 exd5 25. Nd6 Rc1 26. Nxb7 Rxf1+ 27. Kxf1 Qc1+ 28. Ke2 Qxb2+ 29. Kf3 Qc3+ 30. Ke2 Qb2+ 31. Kf3 Qc3+ 32. Ke2 Qb2+ 1/2-1/2

[Event "Catalunya-ch (Women)"]
[Site "Girona"]
[Date "2009.12.27"]
[Round "1"]
[White "Hernando Rodrigo, Lourdes"]
[Black "Lafuente Calvillo, Andrea"]
[Result "1-0"]
[WhiteElo "1822"]
[BlackElo "1599"]
[PlyCount "95"]
[EventDate "2009.12.27"]
[EventType "swiss"]
[EventRounds "6"]
[EventCountry "ESP"]
[SourceTitle "EXT 2019"]
[Source "ChessBase"]
[SourceDate "2018.10.10"]
[SourceVersion "1"]
[SourceVersionDate "2018.10.10"]
[SourceQuality "1"]

1. d4 d5 2. Nf3 e6 3. e3 Nf6 4. Bd3 c5 5. c3 Be7 6. Nbd2 Nbd7 7. 0-0 0-0 8. e4 dxe4 9. Nxe4 Nxe4 10. Bxe4 Nf6 11. Bc2 a6 12. Bg5 Qc7 13. Qd3 c4 14. Qe2 Bd7 15. Ne5 Rac8 16. Rfe1 b5 17. Qf3 Bc6 18. Qh3 g6 19. Nxc6 Qxc6 20. Qh4 Kg7 21. Bh6+ Kg8 22. Bxf8 Rxf8 23. a4 Qb7 24. Be4 Nxe4 25. Qxe4 Qxe4 26. Rxe4 Rb8 27. axb5 axb5 28. d5 Kf8 29. dxe6 fxe6 30. Rxe6 Kf7 31. Rc6 Rb7 32. Kf1 Ke8 33. Rca6 Kd7 34. Ra7 Kc6 35. R1a6+ Kc7 36. Ke2 Bc5 37. Rxb7+ Kxb7 38. Rf6 b4 39. cxb4 Bxb4 40. Rf7+ Kb6 41. Rxh7 Kb5 42. Rb7+ Kc5 43. Rxb4 Kxb4 44. Ke3 Kc5 45. f4 Kd5 46. g4 Kc5 47. h4 Kd5 48. h5 1-0

[Event "Llobregat op 1st"]
[Site "Llobregat"]
[Date "2008.01.05"]
[Round "9"]
[White "Hernando Rodrigo, Lourdes"]
[Black "Scalzi Evans, Federico"]
[Result "1/2-1/2"]
[WhiteElo "1868"]
[BlackElo "2005"]
[PlyCount "56"]
[EventDate "2007.12.26"]
[EventType "swiss"]
[EventRounds "9"]
[EventCountry "ESP"]
[SourceTitle "CBM 122 Extra"]
[Source "ChessBase"]
[SourceDate "2008.03.04"]
[SourceVersion "1"]
[SourceVersionDate "2008.03.04"]
[SourceQuality "1"]

1. d4 Nf6 2. Nf3 b6 3. e3 Bb7 4. c4 e6 5. Bd3 Ne4 6. 0-0 Be7 7. Nbd2 f5 8. Bc2 0-0 9. d5 exd5 10. cxd5 Bxd5 11. Nxe4 Bxe4 12. Bxe4 fxe4 13. Qd5+ Kh8 14. Ne5 Nc6 15. Nf7+ Rxf7 16. Qxf7 Bd6 17. Bd2 Qh4 18. g3 Qg4 19. f3 exf3 20. Qxf3 Qxf3 21. Rxf3 Ne5 22. Rf2 Kg8 23. Raf1 a5 24. Bc3 b5 25. b3 b4 26. Bxe5 Bxe5 27. Rf7 Rd8 28. R7f5 Re8 1/2-1/2